The world's oldest alphabet : (Registro nro. 26251)

Detalles MARC
000 -LEADER
campo de control de longitud fija 02627cam a22005894i 4500
003 - IDENTIFICADOR DE NÚMERO DE CONTROL
campo de control PE-LiUPU
005 - FECHA Y HORA DE LA ÚLTIMA TRANSACCIÓN
campo de control 20250731175625.0
008 - DATOS DE LONGITUD FIJA--INFORMACIÓN GENERAL
campo de control de longitud fija 170112s2016 is ab rb 001 0 eng d
020 ## - NÚMERO INTERNACIONAL ESTÁNDAR DEL LIBRO
Número Internacional Estándar del Libro 9652208841
020 ## - NÚMERO INTERNACIONAL ESTÁNDAR DEL LIBRO
Número Internacional Estándar del Libro 9789652208842
035 ## - NÚMERO DE CONTROL DEL SISTEMA
Número de control de sistema (Sirsi) i9789652208842
035 ## - NÚMERO DE CONTROL DEL SISTEMA
Número de control de sistema (OCoLC)972489493
Número de control cancelado/no válido (OCoLC)979927695
-- (OCoLC)980168155
-- (OCoLC)980483415
-- (OCoLC)980648638
-- (OCoLC)980939345
-- (OCoLC)981130553
-- (OCoLC)991075077
040 ## - FUENTE DE CATALOGACIÓN
Centro catalogador/agencia de origen WEINB
Lengua de catalogación spa
Normas de descripción rda
Centro/agencia transcriptor WEINB
Centro/agencia modificador VLB
-- YDX
-- OCLCF
-- CGU
-- OCL
-- PTS
-- DTM
-- DHA
-- PE-LiUPU
049 ## - FONDOS LOCALES (OCLC)
Biblioteca depositaria PRUA
050 #4 - SIGNATURA TOPOGRÁFICA DE LA BIBLIOTECA DEL CONGRESO
Número de clasificación Z115.4
Número de ítem .P48 2016
082 ## - NÚMERO DE LA CLASIFICACIÓN DECIMAL DEWEY
Número de clasificación 411.7
Cutter P48
Número de edición 23
100 1# - ENTRADA PRINCIPAL--NOMBRE DE PERSONA
Nombre de persona Petrovich, Douglas,
Término indicativo de función/relación autor.
245 14 - MENCIÓN DEL TÍTULO
Título The world's oldest alphabet :
Resto del título Hebrew as the language of the Proto-consonantal script /
Mención de responsabilidad, etc. Douglas Petrovich ; Sarah K. Doherty; Eugene H. Merrill.
264 #1 - PRODUCCIÓN, PUBLICACIÓN, DISTRIBUCIÓN, FABRICACIÓN Y COPYRIGHT
Producción, publicación, distribución, fabricación y copyright Jerusalem :
Nombre del de productor, editor, distribuidor, fabricante Carta Jerusalem,
Fecha de producción, publicación, distribución, fabricación o copyright 2016.
300 ## - DESCRIPCIÓN FÍSICA
Extensión xvi, 262 páginas :
Otras características físicas ilustraciones ;
Dimensiones 24 centímetros
336 ## - TIPO DE CONTENIDO
Término de tipo de contenido text
Fuente rdacontent
337 ## - TIPO DE MEDIO
Nombre/término del tipo de medio unmediated
Fuente rdamedia
338 ## - TIPO DE SOPORTE
Nombre/término del tipo de soporte volume
Fuente rdacarrier
504 ## - NOTA DE BIBLIOGRAFÍA, ETC.
Nota de bibliografía, etc. Bibliografía : páginas [238]-256.
504 ## - NOTA DE BIBLIOGRAFÍA, ETC.
Nota de bibliografía, etc. Índice : páginas 257-262.
505 ## - NOTA DE CONTENIDO CON FORMATO
Nota de contenido con formato Background matters to the proto-consonantal inscriptions -- The Inscriptions of the period of Egypt's middle kingdom -- The inscriptions of the period of Egypt's new kingdom turquoise mines at serabit el-Khadim -- Concluding Thoughts.
526 ## - NOTA DE INFORMACIÓN SOBRE EL PROGRAMA DE ESTUDIO
Nombre del programa Comunicación Y Periodismo
526 ## - NOTA DE INFORMACIÓN SOBRE EL PROGRAMA DE ESTUDIO
Nombre del programa Educación, Especialidad Inglés Y Español (A Distancia)
526 ## - NOTA DE INFORMACIÓN SOBRE EL PROGRAMA DE ESTUDIO
Nombre del programa Educación, Especialidad Inglés Y Español
526 ## - NOTA DE INFORMACIÓN SOBRE EL PROGRAMA DE ESTUDIO
Nombre del programa Teología
526 ## - NOTA DE INFORMACIÓN SOBRE EL PROGRAMA DE ESTUDIO
Nombre del programa Educación secundaria, especialidad lingüística e inglés
526 ## - NOTA DE INFORMACIÓN SOBRE EL PROGRAMA DE ESTUDIO
Nombre del programa Ciencias de la comunicación
596 ## -
-- 1
650 #4 - PUNTO DE ACCESO ADICIONAL DE MATERIA--TÉRMINO DE MATERIA
Término de materia o nombre geográfico como elemento de entrada Alfabeto
Subdivisión general Historia.
650 #4 - PUNTO DE ACCESO ADICIONAL DE MATERIA--TÉRMINO DE MATERIA
Término de materia o nombre geográfico como elemento de entrada Inscripciones, Proto-Sinaitic.
650 #4 - PUNTO DE ACCESO ADICIONAL DE MATERIA--TÉRMINO DE MATERIA
Término de materia o nombre geográfico como elemento de entrada Inscripciones, semíticas.
650 #4 - PUNTO DE ACCESO ADICIONAL DE MATERIA--TÉRMINO DE MATERIA
Término de materia o nombre geográfico como elemento de entrada Paleografía, hebreo
650 #7 - PUNTO DE ACCESO ADICIONAL DE MATERIA--TÉRMINO DE MATERIA
Término de materia o nombre geográfico como elemento de entrada Alphabet.
Fuente del encabezamiento o término fast
Número de control del registro de autoridad o número normalizado (OCoLC)fst00805945
650 #7 - PUNTO DE ACCESO ADICIONAL DE MATERIA--TÉRMINO DE MATERIA
Término de materia o nombre geográfico como elemento de entrada Inscriptions, Proto-Sinaitic.
Fuente del encabezamiento o término fast
Número de control del registro de autoridad o número normalizado (OCoLC)fst00973944
650 #7 - PUNTO DE ACCESO ADICIONAL DE MATERIA--TÉRMINO DE MATERIA
Término de materia o nombre geográfico como elemento de entrada Inscriptions, Semitic.
Fuente del encabezamiento o término fast
Número de control del registro de autoridad o número normalizado (OCoLC)fst00973955
650 #7 - PUNTO DE ACCESO ADICIONAL DE MATERIA--TÉRMINO DE MATERIA
Término de materia o nombre geográfico como elemento de entrada Paleography, Hebrew.
Fuente del encabezamiento o término fast
Número de control del registro de autoridad o número normalizado (OCoLC)fst01051457
655 #7 - TERMINO DE INDIZACIÓN--GENERO/FORMA
Datos o término principal de género/forma History.
Fuente del término fast
Número de control del registro de autoridad o número normalizado (OCoLC)fst01411628
700 1# - ENTRADA AGREGADA--NOMBRE PERSONAL
Nombre de persona Doherty, Sarah K.,
Término indicativo de función/relación colaboradora.
700 1# - ENTRADA AGREGADA--NOMBRE PERSONAL
Nombre de persona Merrill, Eugene H.,
Término indicativo de función/relación Introducción.
752 ## - ENTRADA AGREGADA--NOMBRE JERÁRQUICO DEL LUGAR
País o entidad superior Israel
Ciudad Jerusalén.
910 ## - DATOS DE OPCIÓN DEL USUARIO (OCLC)
Datos de opción del usuario dbm
-- ebj
-- ebj
-- 20171218
942 ## - ELEMENTOS DE ENTRADA SECUNDARIOS (KOHA)
Fuente del sistema de clasificación o colocación Clasificación Decimal Dewey
Tipo de ítem Koha
949 ## - PROCESAMIENTO DE INFORMACIÓN LOCAL (OCLC)
a 411.7 P48
w DEWEY
c 1
i 77578
l CATALOGING
m BUL
p 42.00
r 0
s Y
t BOOK
u 2017-12-18
x POSGRADO
-- P85
0 DONACION
o .STAFF. Colección Teología.
994 ## -
-- C0
-- PEPRU
999 ## - NÚMEROS DE CONTROL DE SISTEMA (KOHA)
-- DEWEY
-- 77578
-- 2021-11-8
-- 4
-- CCODEBUL1
-- BUL
-- 42.00
-- 0
-- Y
-- BOOK
-- 2017-12-18
-- EDUCACION
-- P85
-- COMPRA
-- .STAFF. Colección Teología.
980 ## - EQUIVALENCIA O REFERENCIA-CRUZADA-MENCIÓN DE SERIE--NOMBRE DE PERSONA/TÍTULO [LOCAL, CANADÁ]
ID del último usuario que modificó el registro 1
Nombre del último usuario que modificó el registro ALBERTO SANCHEZ Responsable de Automatización
Existencias
Visto por última vez Número de inventario Total de préstamos Signatura topográfica completa Código de barras Copia número Coste, precio de reemplazo Fecha de reemplazo Facultad Tipo de ítem Koha Nota pública Estado de pérdida Fuente del sistema de clasificación o colocación Restricciones de uso No para préstamo Colección Programa académico Biblioteca de origen Biblioteca actual Ubicación en estantería Fecha de adquisición Fuente de adquisición Coste, precio normal de compra
2025-12-02 5   411.7 P48 77578 e1 47.00 2017-12-18   Libros físicos inventario-2023-12-13 No Perdido Clasificación Decimal Dewey No restringido Disponible para préstamos Colección General Maestría en teología Biblioteca CRAI UPeU Lima Biblioteca CRAI UPeU Lima Sala principal 2017-12-18 COMPRA 42.00